000 00820nam a22002177a 4500
999 _c18523
_d18523
003 AR-CdUCM
008 190514b ||||| |||| 00| 0 spa d
040 _aMUNICIPALIDAD PROVINCIAL DEL CUSCO
_cBIBLIOTECA MUNICIPAL DEL CUSCO
041 _heng
082 _a860.9 /
_bB82
100 _aBrenan, Gerald
_939158
245 _aHistoria de la literatura española /
260 _aBuenos Aires :
_bLosada,
_c1958.
300 _a479 páginas ;
_c23.5 cm.
505 _aContenido: Los periodos romanos y visigodos -- El periodo Árabe -- Los primeros tiempos de la edad media -- El arcipreste de Hita -- Los últimos tiempos de la edad media ...
650 _aHistoria
_9136
650 _aLiteratura española
_9362
700 _aAmilibia, Miguel De (traductor)
_939159
942 _2ddc
_cLIBROS
945 _aacv
_d2019-05-14